000 00318nam a22001457a 4500
003 SGT
020 _a97815-43343-14-4
082 _a572.8
_bKAU
100 _aKAUR, MANJOT
245 _aCELL AND MOLECULAR BIOLOGY
260 _aINDIA
_bPEE VEE PUB.
_c2019
300 _a392
650 _a BIOLOGY
942 _2ddc
_cBK
999 _c32481
_d32481